00636nam a2200157 a 450000100100000000500170001000800410002702000180006804000250008608200150011124501350012626000770026130000360033850400730037450400310044700004105120201002034600.0130916p1995 pr a 000 0 spa d a9780847702404 aDO-SdBNPbspacBNPHU axxxxbxxxx03aEl rostro y la máscara :bantología alterna de cuentistas puertorriqueños contemporáneos /cprólogo José Angel Rosado. aSan Juan, Puerto Rico, :bIsla negrabUniversidad de Puerto Rico,c1995. axxviii, 203 p. :bil. ;c20 cm. aIncluye notas y referencias bibliográficas al pie de las páginas aBibliografías : p. 26-28